Mosbys Nursing Drug Reference (Record no. 158271)

MARC details
000 -LEADER
fixed length control field 00358nam a2200133Ia 4500
008 - FIXED-LENGTH DATA ELEMENTS--GENERAL INFORMATION
fixed length control field 230411s9999 xx 000 0 und d
020 ## - INTERNATIONAL STANDARD BOOK NUMBER
International Standard Book Number 978-81-312-4991-9
041 ## - LANGUAGE CODE
Language code of text/sound track or separate title eng
082 ## - DEWEY DECIMAL CLASSIFICATION NUMBER
Classification number PH/612/SKI/B08678
100 ## - MAIN ENTRY--PERSONAL NAME
Personal name Skidmore Linda
9 (RLIN) 177785
245 ## - TITLE STATEMENT
Title Mosbys Nursing Drug Reference
260 ## - PUBLICATION, DISTRIBUTION, ETC. (IMPRINT)
Name of publisher, distributor, etc. Elsevier
Place of publication, distribution, etc. New Delhi
Date of publication, distribution, etc. 2016
Holdings
Withdrawn status Lost status Damaged status Not for loan Collection code Home library Current library Date acquired Vendor Cost, normal purchase price Bill number Total Checkouts Total Renewals Full call number Barcode Date last seen Date last checked out Cost, replacement price Bill Date Koha item type Original Barcode Source of classification or shelving scheme
          Smt. Bakul Tambat Institute of Nursing Education Smt. Bakul Tambat Institute of Nursing Education 16/01/2018 Samutkarsh 1445.00 1445 20 8 PH 612 SKI B08678 BTIN-BK-8678 06/05/2025 27/02/2025 1069.30 08/01/2018 Books B08678  
          Smt. Bakul Tambat Institute of Nursing Education Smt. Bakul Tambat Institute of Nursing Education 21/12/2018 Patil Medical Book House 1545.00 1445 9 7 PH 615 SKI B9062 BTIN-BK-9062 27/05/2025 18/02/2025 772.50 08/01/2018 Books B09062 Dewey Decimal Classification